| 000 | 00799nam a2200253 i 4500 | ||
|---|---|---|---|
| 001 | bg | ||
| 245 | 1 | 0 |
_aDeutsche Geschichte 1933 - 1945 : _bDokumente zur Innen- und Außenpolitik / _chrsg. von Wolfgang Michalka. |
| 260 |
_aFrankfurt am Main : _bS. Fischer, _c2002. |
||
| 300 |
_a420 s. ; _c19 cm. |
||
| 490 | 1 |
_aFischer Taschenbuch Verlag ; _v15579 |
|
| 504 | _aBibliogr. Indeks. | ||
| 651 | 9 |
_aNiemcy _xhistoria _y20 w. |
|
| 700 | 1 |
_aMichalka, Wolfgang _d(1943- ). _eRed. |
|
| 830 | _aFischer Taschenbuch Verlag ; | ||
| 020 | _a3596155798 | ||
| 040 | _cBPK | ||
| 041 | 0 | _ager | |
| 044 | _aDEU | ||
| 080 | _a94(430)"19" | ||
| 920 | _a3-596-15579-7 | ||
| 942 | _cKS | ||
| 008 | s pl f |000 0 pol | ||
| 999 |
_c54568 _d54568 |
||
| 856 |
_uhttp://koha.tu.koszalin.pl/cgi-bin/koha/opac-detail.pl?biblionumber=54568 _yKatalog online BPK |
||